| 000 | 00983nam a2200289 a 4500 | ||
|---|---|---|---|
| 001 | 000047881 | ||
| 003 | DO-SdBNP | ||
| 005 | 20210524123148.0 | ||
| 008 | 181001s2018 dr 000 p spa d | ||
| 020 | _a9789945503265 | ||
| 040 |
_aBPMSU _bspa _cBPMSU |
||
| 082 |
_aRD861.5 _bB295h 2018 _222 |
||
| 100 | 1 |
_aBaruc Espinal, Daniel, _d1962- |
|
| 245 | 1 | 0 |
_aHormigas dentro de una gota de ámbar / _cDaniel Baruc Espinal. |
| 260 |
_aSanto Domingo : _bEditora Nacional; _bMinisterio de Cultura, _c2018. |
||
| 300 |
_a99 p. ; _c21 cm. |
||
| 490 | 0 | _aPoesía | |
| 500 | _aIncluye datos biográficos del autor en la solapa de la cubierta | ||
| 586 | _aPremio Anual de Poesía Salomé Ureña 2017 | ||
| 590 | _aInventariado, 2021/VM | ||
| 650 | 4 | _aPoesía dominicana | |
| 650 | 4 | _aLiteratura dominicana. | |
| 710 | 2 | _aMinisterio de Cultura (República Dominicana) | |
| 711 | 2 |
_aPremio Anual de Poeía Salomé Ureña _d(2017 : _cSanto Domingo) |
|
| 910 | _aVMateo | ||
| 942 |
_2ddc _cBK |
||
| 999 |
_c13523 _d13523 |
||